00963nab a2200181 i 4500001000400000003000400004005001700008008003900025040000800064080001000072100016400082245006800246260001000314500002100324520035000345650003300695773005300728BPPBPK20160412112021.0140303s1985 pl f |000 0 pol cBPK a621.5 aBOHDAL, Tadeusz.d1976 - 1996.bWyższa Szkoła Inżynierska w Koszalinie - Instytut Konstrukcji i Eksploatacji Maszyn,cZakład Termodynamiki i Chłodnictwa aZerowy kryzys wrzenia czynnika chłodniczego /cTadeusz Bohdal. c1985. aDane z autopsji. aOpisano zjawisko zerowego kryzysu wrzenia czynnika w objętości oraz w przepływie w kanałach. Wyniki badań własnych autora z zakresu wrzenia przechłodzonego w przepływie freonu 1. Rezultaty pomiarów i ich interpretacja. Skutki wynikające z występowania efektu zerowego kryzysu wrzenia w pracy maszyn i urządzeń chłodniczych. 0aChłodnictwo - urządzenia. iW :tChłodnictwo. -gR. 20, 1985, nr 7, s. 6-10